00473nam a22001337a 4500040003000000082002000030100002900050245007300079260003800152300001600190942001200206999001900218952010200237 cKitabistan Publishing Co. a491.439 bQ95 K aBashir A. Qureshi933261 aKitabistan's Twentieth Century Stanard DictionarybUrdu into English aLahorebKitabistan Publishing Co. aviii, 688p. 2ddccBK c614666d614666 00102ddc4070aSCMEbSCMEd2025-09-18l0o491.439 Q95 KpSCME-D307r2025-09-18w2025-09-18yBK